00477nam a2200169Ia 4500008004100000041001200041082001200053100002200065245005300087365000700140520001400147546001200161630005300173650001400226655001400240730005300254101110s9999 xx 000 0 und d aENGLISH bSR21764 aShanbhag, Chachad aPathways' of Inorganic Chemistry (T.Y.B.Sc.) New b55 aChemistry aENGLISH aPathways' of Inorganic Chemistry (T.Y.B.Sc.) New aChemistry aChemistry aPathways' of Inorganic Chemistry (T.Y.B.Sc.) New